[Event "POL-chT 2st League"]
[Site "Mrzezyno"]
[Date "2010.09.07"]
[Round "4.4"]
[White "Weichhold, Pawel"]
[Black "Mrozek, Przemyslaw"]
[Result "1/2-1/2"]
[WhiteElo "2291"]
[BlackElo "2190"]
[PlyCount "98"]
[EventDate "2010.09.04"]
[EventType "team-swiss"]
[EventRounds "9"]
[EventCountry "POL"]
[SourceTitle "EXT 2019"]
[Source "ChessBase"]
[SourceDate "2018.10.10"]
[SourceVersion "1"]
[SourceVersionDate "2018.10.10"]
[SourceQuality "1"]
[WhiteTeam "Koszalin Hetman Politechnika"]
[BlackTeam "Pilzno GKSz Hetman"]
[WhiteTeamCountry "POL"]
[BlackTeamCountry "POL"]

1. e4 c5 2. Nf3 e6 3. d4 cxd4 4. Nxd4 a6 5. Nc3 Qc7 6. Bd3 Bc5 7. Nb3 Be7 8. 0-0 Nf6 9. f4 d6 10. a4 Nbd7 11. Qe2 b6 12. Bd2 Bb7 13. Rae1 e5 14. Kh1 0-0 15. fxe5 dxe5 16. Bg5 Bb4 17. Nd2 Bxc3 18. bxc3 Qc6 19. Nc4 Rae8 20. Rb1 Nxe4 21. Bxe4 Qxe4 22. Qxe4 Bxe4 23. Nxb6 Nxb6 24. Rxb6 Bxc2 25. Rc1 Bxa4 26. Rxa6 Bb5 27. Rb6 Bd3 28. c4 e4 29. Be3 f5 30. g3 g5 31. Bxg5 e3 32. Re1 e2 33. c5 Rc8 34. c6 Rfe8 35. Kg1 Re6 36. Kf2 Rcxc6 37. Rxc6 Rxc6 38. Rc1 Re6 39. Ke1 Kf7 40. Rc7+ Kg6 41. Bf4 Rb6 42. Kf2 Rb1 43. Rc6+ Kf7 44. Rc1 Rb3 45. Bd2 Bb5 46. Rc7+ Kg6 47. Rb7 Rb1 48. Rb6+ Kf7 49. Be1 Rb3 1/2-1/2

[Event "POL-chT 2nd League"]
[Site "Miedzyzdroje"]
[Date "2009.09.14"]
[Round "3"]
[White "Wieczorek, Oskar"]
[Black "Mrozek, Przemyslaw"]
[Result "1-0"]
[WhiteElo "2259"]
[BlackElo "2191"]
[PlyCount "33"]
[EventDate "2009.09.12"]
[EventType "team-swiss"]
[EventRounds "9"]
[EventCountry "POL"]
[SourceTitle "EXT 2019"]
[Source "ChessBase"]
[SourceDate "2018.10.10"]
[SourceVersion "1"]
[SourceVersionDate "2018.10.10"]
[SourceQuality "1"]
[WhiteTeam "Wroclaw KS Polonia"]
[BlackTeam "Pilzno GKSz Hetman"]
[WhiteTeamCountry "POL"]
[BlackTeamCountry "POL"]

1. e4 d5 2. exd5 Qxd5 3. Nc3 Qd6 4. d4 Nf6 5. Nf3 a6 6. Bd3 b5 7. Ne4 Nxe4 8. Bxe4 c6 9. Ne5 f5 10. Bf3 Bb7 11. Bf4 Qb4+ 12. c3 Qxb2 13. 0-0 Nd7 14. Nxd7 Kxd7 15. d5 cxd5 16. Bxd5 Qxa1 17. Bxb7+ 1-0

[Event "Krakow op-A"]
[Site "Krakow"]
[Date "1998.??.??"]
[Round "?"]
[White "Koziak, Vitali"]
[Black "Mrozek, Przemyslaw"]
[Result "1/2-1/2"]
[WhiteElo "2415"]
[BlackElo "2210"]
[PlyCount "117"]
[EventDate "1998.??.??"]
[EventType "swiss"]
[EventRounds "9"]
[EventCountry "POL"]
[SourceTitle "EXT 2002"]
[Source "ChessBase"]
[SourceDate "2001.11.25"]
[SourceVersion "1"]
[SourceVersionDate "2001.11.25"]
[SourceQuality "1"]

1. d4 f5 2. Nc3 d5 3. Bf4 Nf6 4. e3 e6 5. Nf3 c6 6. Bd3 Be7 7. 0-0 0-0 8. Ne2 Ne4 9. Bxe4 fxe4 10. Ne5 Nd7 11. f3 Nxe5 12. Bxe5 exf3 13. Rxf3 Rxf3 14. gxf3 Bd6 15. f4 Bxe5 16. dxe5 Qb6 17. Qd4 Bd7 18. Qxb6 axb6 19. a3 c5 20. Kf2 b5 21. c3 Bc6 22. b4 b6 23. Nc1 Be8 24. Nb3 Rc8 25. Ke2 Bg6 26. Kd2 Be8 27. Rg1 Kf8 28. Kc2 Bg6+ 29. Kb2 Bd3 30. Re1 Kf7 31. Rg1 Rc7 32. Rg2 Bf5 33. Rg1 Kf8 34. Rg2 Ke8 35. Rg1 Kd8 36. Ra1 Kd7 37. bxc5 bxc5 38. a4 Kc6 39. axb5+ Kxb5 40. Nd2 Rb7 41. Ra8 h6 42. c4+ dxc4 43. e4 Bg4 44. Kc3 Rf7 45. Nxc4 Rxf4 46. Nd6+ Kb6 47. Rb8+ Kc6 48. Rc8+ Kd7 49. Rxc5 Rf2 50. h4 g5 51. hxg5 hxg5 52. Kd4 Bh3 53. Rc3 g4 54. Rg3 Ke7 55. Ke3 Rc2 56. Nb5 Kf7 57. Nd4 Rc5 58. Kf4 Rc4 59. Nf3 1/2-1/2

[Event "Katowice op"]
[Site "Katowice"]
[Date "1995.??.??"]
[Round "5"]
[White "Raszka, Janusz"]
[Black "Mrozek, Przemyslaw"]
[Result "1-0"]
[WhiteElo "2285"]
[BlackElo "2140"]
[PlyCount "49"]
[EventDate "1995.??.??"]
[EventType "swiss"]
[EventRounds "9"]
[EventCountry "POL"]
[SourceTitle "EXT 2000"]
[Source "ChessBase"]
[SourceDate "1999.11.16"]
[SourceVersion "1"]
[SourceVersionDate "1999.11.16"]
[SourceQuality "1"]

1. e4 c5 2. Nf3 Nc6 3. d4 cxd4 4. Nxd4 Nf6 5. Nc3 e5 6. Ndb5 d6 7. Bg5 Be6 8. Nd5 Bxd5 9. exd5 Ne7 10. c3 a6 11. Bxf6 gxf6 12. Qa4 Kd7 13. Na3+ b5 14. Qb3 Qc7 15. Be2 f5 16. 0-0 Ng6 17. g3 h5 18. c4 bxc4 19. Nxc4 Ke7 20. Rac1 Bh6 21. Rc3 Rab8 22. Qc2 Kf6 23. Nxd6 e4 24. Rc6 Ne7 25. Nxe4+ 1-0

[Event "Katowice op"]
[Site "Katowice"]
[Date "1995.??.??"]
[Round "8"]
[White "Shilov, Sergej"]
[Black "Mrozek, Przemyslaw"]
[Result "1-0"]
[WhiteElo "2235"]
[BlackElo "2140"]
[PlyCount "57"]
[EventDate "1995.??.??"]
[EventType "swiss"]
[EventRounds "9"]
[EventCountry "POL"]
[SourceTitle "EXT 2000"]
[Source "ChessBase"]
[SourceDate "1999.11.16"]
[SourceVersion "1"]
[SourceVersionDate "1999.11.16"]
[SourceQuality "1"]

1. Nf3 f5 2. c4 Nf6 3. Nc3 g6 4. g3 Bg7 5. Bg2 d6 6. d4 0-0 7. 0-0 Nc6 8. d5 Na5 9. Qd3 c5 10. e4 e5 11. Ng5 fxe4 12. Ncxe4 Nxe4 13. Bxe4 Bf6 14. h4 Qe7 15. Bd2 b6 16. Rae1 Qg7 17. Kg2 Bxg5 18. hxg5 Bf5 19. Bc3 Qd7 20. Rh1 Rf7 21. b3 Raf8 22. f4 exf4 23. Bf6 Bxe4+ 24. Qxe4 fxg3 25. Qxg6+ Rg7 26. Qxg7+ Qxg7 27. Bxg7 Kxg7 28. Re7+ Kg6 29. Kxg3 1-0

[Event "Katowice op"]
[Site "Katowice"]
[Date "1995.??.??"]
[Round "1"]
[White "Zhelnin, Vladimir V"]
[Black "Mrozek, Przemyslaw"]
[Result "1-0"]
[WhiteElo "2440"]
[BlackElo "2140"]
[PlyCount "81"]
[EventDate "1995.??.??"]
[EventType "swiss"]
[EventRounds "9"]
[EventCountry "POL"]
[SourceTitle "EXT 2000"]
[Source "ChessBase"]
[SourceDate "1999.11.16"]
[SourceVersion "1"]
[SourceVersionDate "1999.11.16"]
[SourceQuality "1"]

1. e4 c5 2. Nc3 Nc6 3. Nge2 g6 4. d4 cxd4 5. Nxd4 Bg7 6. Nb3 d6 7. Be2 Nf6 8. 0-0 0-0 9. Bg5 h6 10. Be3 a6 11. a4 Be6 12. f4 Na5 13. f5 Bxb3 14. cxb3 Rc8 15. Rc1 Nc6 16. Kh1 Ne5 17. b4 Kh7 18. Qb3 Qd7 19. b5 axb5 20. Bxb5 Nc6 21. Nd5 Rb8 22. Qc2 Ng4 23. Bg1 Nge5 24. Rcd1 Rfd8 25. Qe2 Qe8 26. a5 Qh8 27. Bb6 Rdc8 28. Qf2 Ng4 29. Qh4 Nge5 30. f6 exf6 31. Nxf6+ Bxf6 32. Rxf6 Qf8 33. Rfxd6 g5 34. Qh3 Ng6 35. Qf5 Re8 36. Bxc6 bxc6 37. Rxg6 fxg6 38. Rd7+ Qe7 39. Rxe7+ Rxe7 40. Qf3 Rbe8 41. h3 1-0